[Event "Botvinnik Memorial 2012"]
[Site "St Petersburg RUS"]
[Date "2012.08.31"]
[Round "7.57"]
[White "Opanasenko,Mikhail"]
[Black "Pashinsky,M"]
[Result "0-1"]
[WhiteElo "2016"]
[BlackElo "2220"]

1.e4 d6 2.d4 Nf6 3.Nc3 c6 4.Be3 Qa5 5.f3 e5 6.Qd2 Be6 7.Bd3 Nbd7 8.Nge2 O-O-O
9.O-O d5 10.a3 dxe4 11.b4 Qc7 12.Nxe4 Nxe4 13.fxe4 exd4 14.Nxd4 Bd6 15.h3 Nf6
16.Qe2 Rhe8 17.b5 Bd7 18.bxc6 Bxc6 19.Nxc6 Qxc6 20.Qf2 b6 21.Rae1 Re5 22.Bd4 Bc5
23.Ba6+ Kd7 24.c3 Ke7 25.Kh1 Kf8 26.Bd3 Qd7 27.Bxc5+ bxc5 28.Bc2 Qd2 29.Qg3 Rde8
30.Bb1 h5 31.Kh2 Qh6 32.Qh4 g5 33.Qf2 Kg7 34.Kg1 h4 35.Re3 R8e6 36.Rf3 Qg6
37.Rf5 a5 38.Ba2 Nxe4 39.Rxf7+ Kh6 40.Qf3 Nd2 41.Qb7 c4 42.Qb8 Re8 43.Qb7 Re1
44.Bxc4 Nxc4 45.Qd7 Rxf1+ 46.Rxf1 Nd6 47.Qc7 Ne4 48.Qxa5 Ng3 49.Rd1 Qe6 50.Qb4 Qe3+
51.Kh2 Ne4 52.Qd4 Qxc3 53.Qb6+ Qf6 54.Qb5 Qe5+  0-1

[Event "37th Trade Fair Open A"]
[Site "Brno CZE"]
[Date "2012.09.01"]
[Round "8"]
[White "Vyskocil,N"]
[Black "Strebkovs,A"]
[Result "1-0"]
[WhiteElo "2368"]
[BlackElo "2345"]

1.d4 d6 2.e4 Nf6 3.Nc3 e5 4.Nf3 Nbd7 5.Bc4 Be7 6.O-O O-O 7.Re1 c6 8.a4 b6
9.Bg5 Bb7 10.Bxf6 Bxf6 11.d5 c5 12.a5 bxa5 13.Nd2 Nb6 14.Bf1 a4 15.Nxa4 Bc8
16.Nxb6 Qxb6 17.Nc4 Qc7 18.Qd2 Bd7 19.Qa5 Qb8 20.Re3 Bd8 21.Qe1 Bb6 22.Rb3 Qc7
23.Ra6 Rab8 24.Qa1 f5 25.Bd3 fxe4 26.Bxe4 g6 27.Qe1 Bc8 28.Raa3 Rf4 29.g3 Rf6
30.Qd2 Bf5 31.Bxf5 Rxf5 32.Rf3 Rbf8 33.Qe2 Qe7 34.Qe4 Kh8 35.Kg2 Kg7 36.Rab3 Qc7
37.Rxf5 Rxf5 38.Rf3 Rxf3 39.Qxf3 Qe7 40.Qg4 Qf7 41.Nxd6 Qxd5+ 42.Ne4 c4 43.Qf3 Bd8
44.Nc3 Qd4 45.Qb7+ Kg8 46.Ne4 h5 47.h4 Bb6 48.Qc6 Kf8 49.c3 Qd3 50.Qf6+ Ke8
51.Qxg6+ Kd7 52.Qf5+ Kc6 53.Qxe5 Qc2 54.Qe6+ Kb7 55.Qxc4  1-0

[Event "134th ch-New York State"]
[Site "Colonie USA"]
[Date "2012.09.01"]
[Round "2"]
[White "Ivanov,AV USA"]
[Black "Velikhanli,F"]
[Result "1-0"]
[WhiteElo "2533"]
[BlackElo "2270"]

1.e4 d6 2.d4 Nf6 3.Nc3 c6 4.f4 Qa5 5.Bd3 e5 6.Nf3 exd4 7.Nxd4 g6 8.Be3 Bg7
9.h3 O-O 10.O-O Nbd7 11.Qd2 Re8 12.Rae1 Qc7 13.Bf2 a6 14.Nf3 b5 15.Bh4 b4
16.Na4 a5 17.c4 bxc3 18.Nxc3 Nc5 19.Bb1 Ba6 20.Rf2 Rad8 21.Qc1 Rd7 22.Kh1 Nh5
23.f5 Bd3 24.Rd2 Bxb1 25.Qxb1 a4 26.Qc2 a3 27.Nd1 axb2 28.Nxb2 Bxb2 29.Qxb2 Nxe4
30.fxg6 hxg6 31.Rdd1 d5 32.Kg1 Ng7 33.Nd2 Nf5 34.Nxe4 dxe4 35.Rxd7 Qxd7 36.Bf6 c5
37.Qc3 Qd5 38.a4 Nd4 39.Qg3 Nf5 40.Qf4 e3 41.g4 Nd4 42.Rxe3 Ne2+ 43.Kf2 Qg2+
44.Ke1 Rd8 45.Qe4 Qg1+ 46.Kxe2 Qh2+ 47.Kf1 Rd1+ 48.Re1 Qxh3+ 49.Ke2 Rxe1+
50.Kxe1 Qg3+ 51.Kf1 Qh3+ 52.Kf2 Qh2+ 53.Qg2 Qf4+ 54.Qf3 Qxa4 55.g5 Qa2+ 56.Kg3 Qa6
57.Qd5 Qa3+ 58.Kf2 Qa5 59.Qd3 Qc7 60.Qc4 Qh2+ 61.Ke3 Qg1+ 62.Kd2 Qf2+ 63.Kc3 Qe1+
64.Kb2 Qd2+ 65.Ka3 Qd6 66.Ka4  1-0

[Event "11th Istanbul Open A"]
[Site "Istanbul TUR"]
[Date "2012.09.01"]
[Round "3"]
[White "Alaslar,D"]
[Black "Baktiar Hamd Mohammed"]
[Result "1-0"]
[WhiteElo "2151"]
[BlackElo "1940"]

1.e4 d6 2.d4 Nf6 3.Nc3 Nbd7 4.g3 e5 5.Nge2 Be7 6.Bg2 O-O 7.O-O c6 8.a4 a5
9.h3 Re8 10.Be3 Qc7 11.g4 h6 12.Ng3 Nf8 13.Qd2 N6h7 14.f4 exf4 15.Bxf4 Bg5
16.Nf5 Bxf5 17.gxf5 Rad8 18.b3 Qe7 19.Rae1 Bxf4 20.Qxf4 Qg5 21.Qxg5 Nxg5
22.Nb1 f6 23.Nd2 c5 24.c3 Nf7 25.Nc4 b6 26.Bf3 Ng5 27.Bg2 Re7 28.h4 Nf7 29.Rb1 Rb8
30.Bf3 Rd7 31.Kf2 cxd4 32.cxd4 Nd8 33.Na3 Rc8 34.Rfc1 Rdc7 35.Rxc7 Rxc7 36.Nc4 g5
37.hxg5 hxg5 38.Rb2 Rh7 39.Nxd6 g4 40.Bg2 Nc6 41.Rd2 Rd7 42.Nb5 Nh7 43.e5 Nxe5
44.Rc2 Nd3+ 45.Kg3 Ng5 46.Rc6 Kg7 47.Rc7 Rxc7 48.Nxc7 Nc1 49.Bd5 Ne2+ 50.Kxg4 Nxd4
51.Ne8+ Kf8 52.Nxf6 Nf7 53.Nd7+ Ke7 54.f6+ Kxd7 55.Bxf7 b5 56.Kf4 bxa4 57.bxa4 Ne2+
58.Ke5 Nc3 59.Bb3 Ne2 60.Be6+ Ke8 61.Bb3 Ng3 62.Kd4 Nh5 63.f7+ Ke7 64.Kc5 Nf6
65.Kb5 Ne4 66.Kxa5 Nc5 67.Bd5 Nd7 68.Kb5 Kd8 69.Bc6 Nf8 70.Kb6 Kc8 71.a5 Ne6  1-0

[Event "40th Olympiad Open"]
[Site "Istanbul TUR"]
[Date "2012.09.01"]
[Round "5.25"]
[White "Kayonde,Andrew"]
[Black "Illingworth,M"]
[Result "1/2-1/2"]
[WhiteElo "2180"]
[BlackElo "2360"]

1.d4 d6 2.e4 Nf6 3.Nc3 c6 4.f4 Qa5 5.Bd3 e5 6.Nf3 exd4 7.Nxd4 g6 8.h3 Bg7
9.Be3 O-O 10.O-O Re8 11.Qf3 Nbd7 12.a3 Qc7 13.Rae1 b5 14.e5 dxe5 15.Qxc6 Qxc6
16.Nxc6 a6 17.Bc1 Bb7 18.Nxe5 Nxe5 19.fxe5 Nd7 20.e6 Rxe6 21.Rxe6 fxe6 22.Be4 Bxe4
23.Nxe4 Rc8 24.c3 Rc4 25.Ng5 Nf8 26.Rd1 h6 27.Nf3 a5 28.Be3 Rc8 29.Rd6 Rb8
30.Bd4 b4 31.Ra6 bxc3 32.bxc3 Rb5 33.a4 Rd5 34.Bxg7 Kxg7 35.Nd4 e5 36.Nb3 Nd7
37.c4 Rd3 38.Nxa5 Nc5 39.Rc6 Nxa4 40.Re6 Re3 41.Nc6 Re4 42.Rxe5 Rxc4 43.Re6 Rc1+
44.Kh2 Nc5 45.Re3 Rf1 46.Nd4 Kf6 47.Rc3 Ne4 48.Rc6+ Kg7 49.Nf3 g5 50.Re6 Nf6
51.Re1 Rf2 52.Re7+ Kf8  1/2-1/2

[Event "40th Olympiad Open"]
[Site "Istanbul TUR"]
[Date "2012.09.01"]
[Round "5.06"]
[White "Guseinov,G"]
[Black "Hansen,Eric"]
[Result "1/2-1/2"]
[WhiteElo "2613"]
[BlackElo "2472"]

1.e4 d6 2.d4 Nf6 3.Nc3 e5 4.Nf3 Nbd7 5.Bc4 Be7 6.O-O Nb6 7.Bd3 exd4 8.Nxd4 O-O
9.Re1 c6 10.h3 Re8 11.a4 a5 12.Bf4 Bf8 13.Bg5 Nbd7 14.Bc4 h6 15.Bh4 Ne5 16.Bb3 Ng6
17.Bg3 Nd7 18.f4 Nc5 19.Ba2 Qb6 20.Kh2 Qxb2 21.Re3 Qb6 22.Rb1 Qd8 23.Qh5 Qf6
24.f5 Nh8 25.Rd1 Ra6 26.Bh4 Qe5+ 27.Bg3 Qf6 28.Kh1 Qg5 29.Qf3 Qf6 30.Qh5 Nd7
31.e5 Qg5 32.Qxg5 hxg5 33.e6 Nf6 34.Rde1 fxe6 35.fxe6 Be7 36.Bc4 Rb6 37.Bd3 d5
38.Bc7 Bc5 39.Bxb6 Bxb6 40.Nce2 c5 41.c3 cxd4 42.Nxd4 Ne4 43.Bxe4 dxe4 44.Rxe4 Ng6
45.Nb5 Bc5 46.Nc7 Re7  1/2-1/2

[Event "40th Olympiad Open"]
[Site "Istanbul TUR"]
[Date "2012.09.01"]
[Round "5.50"]
[White "Matoewi,R"]
[Black "Liew Chee Meng Jimmy"]
[Result "1/2-1/2"]
[WhiteElo "2089"]
[BlackElo "2297"]

1.e4 d6 2.d4 Nf6 3.Nc3 e5 4.dxe5 dxe5 5.Qxd8+ Kxd8 6.Bg5 Be6 7.O-O-O+ Nd7
8.Nf3 Kc8 9.Bh4 h6 10.h3 g5 11.Bg3 Bd6 12.Bb5 a6 13.Bxd7+ Nxd7 14.Nd5 b5
15.Ne3 f6 16.Nf5 Bc5 17.Kb1 a5 18.Ne1 Rh7 19.Nd3 Bb6 20.f3 Nc5 21.h4 gxh4
22.Bxh4 Nd7 23.Be1 Kb7 24.Bd2 h5 25.Rh2 Bxf5 26.exf5 Rg8 27.Rdh1 Rhg7 28.Ne1 Bf2
29.Bxa5 Bxe1 30.Bxe1 Rxg2 31.Rxh5 Rg1 32.Kc1 Rxh1 33.Rxh1 Rg5 34.Kd2 Rxf5
35.Ke3 Nb6 36.b3 Rf4 37.Rh4 Nd5+ 38.Ke2 Nc3+ 39.Ke3 Nd5+ 40.Ke2 Nc3+ 41.Ke3 Nd5+  1/2-1/2

[Event "40th Olympiad Women"]
[Site "Istanbul TUR"]
[Date "2012.09.01"]
[Round "5.52"]
[White "Wang Chengjia"]
[Black "Antonova,N"]
[Result "1-0"]
[WhiteElo "1988"]
[BlackElo "1909"]

1.e4 d6 2.d4 Nf6 3.Nc3 e5 4.Nf3 Nbd7 5.h3 Be7 6.Bc4 O-O 7.O-O a6 8.a4 b6
9.Re1 c6 10.Bb3 Qc7 11.Bg5 Bb7 12.Nh4 g6 13.Nf3 Kg7 14.Qd2 Ng8 15.Be3 b5
16.axb5 axb5 17.Rad1 Nb6 18.dxe5 dxe5 19.Nxe5 b4 20.Ne2 c5 21.Bf4 Qc8 22.Bd5 Nxd5
23.exd5 Rd8 24.c4 bxc3 25.Qxc3 f6 26.Ng4 Rxd5 27.Rxd5 Bxd5 28.Ng3 Qb7 29.Ne3 Bf7
30.Nef5+ gxf5 31.Nxf5+ Kf8 32.Nxe7 Nxe7 33.Qxf6 Rd8 34.Qh8+ Bg8 35.Bh6+ Kf7
36.Qg7+ Ke8 37.Qxg8+ Kd7 38.Rxe7+  1-0

[Event "40th Olympiad Open"]
[Site "Istanbul TUR"]
[Date "2012.09.01"]
[Round "5.20"]
[White "Seitaj,I"]
[Black "Yilmaz,M"]
[Result "0-1"]
[WhiteElo "2400"]
[BlackElo "2543"]

1.e4 d6 2.d4 Nf6 3.Nc3 e5 4.dxe5 dxe5 5.Qxd8+ Kxd8 6.Bg5 Be6 7.Nf3 Nd7 8.O-O-O Kc8
9.a3 h6 10.Bxf6 gxf6 11.Nh4 c6 12.Be2 b5 13.Rd3 a5 14.Rhd1 Kc7 15.Rg3 Nc5
16.Bd3 b4 17.Nb1 h5 18.Kd2 Bh6+ 19.Ke1 Na4 20.Nd2 Nxb2 21.Ra1 c5 22.Bb5 c4
23.Nf5 Bf4 24.Rf3 Kb6 25.a4 c3 26.Nf1 Bxf5 27.exf5 Rac8 28.Ne3 Rhd8 29.Rh3 b3
30.Rc1 Bxe3 31.Rxe3 Rd1+ 32.Rxd1 Nxd1  0-1

[Event "Botvinnik Memorial 2012"]
[Site "St Petersburg RUS"]
[Date "2012.09.01"]
[Round "8.44"]
[White "Bogachkov,I"]
[Black "Puraev,A"]
[Result "1/2-1/2"]
[WhiteElo "2356"]
[BlackElo "2183"]

1.e4 d6 2.d4 Nf6 3.Nc3 Nbd7 4.g3 e5 5.Nge2 g6 6.Bg2 Bg7 7.O-O exd4 8.Nxd4 O-O
9.h3 Re8 10.Re1 Nc5 11.a4 h6 12.Kh2 c6 13.f3 a5 14.Be3 Qc7 15.Qd2 h5 16.Kh1 Nfd7
17.Nde2 Ne5 18.b3 Bxh3 19.Bxh3 Nxf3 20.Qc1 Nxe1 21.Qxe1 Nxe4 22.Nxe4 Rxe4
23.Nc3 Rxe3 24.Qxe3 d5 25.Rd1 d4 26.Qf3 dxc3 27.Rd7 Qe5 28.Qxf7+ Kh7 29.Bf1 Kh6
30.Bd3 Qf6 31.Rxb7 Rd8 32.Qxf6 Bxf6 33.Rb6 Rd6 34.Be4 Be5 35.Rxc6 Rxc6 36.Bxc6 Bxg3
37.Kg2 Bd6 38.Kf3 Be7 39.Be8 Bg5 40.Ke4 Bd2 41.Bf7 Kg5 42.Kf3 Kf6 43.Be8 Kg7
44.Ke4 Kh6 45.Bf7 g5 46.Kf5 g4 47.Be8 g3 48.Bc6 Kg7 49.Bg2 Be1 50.Kg5 Kf7  1/2-1/2

[Event "14th Trieste Open A"]
[Site "Trieste ITA"]
[Date "2012.09.01"]
[Round "1"]
[White "Beletic,D"]
[Black "Militello,M"]
[Result "1-0"]
[WhiteElo "2230"]
[BlackElo "1798"]

1.e4 d6 2.d4 Nf6 3.Nc3 Nbd7 4.f4 e5 5.Nf3 exd4 6.Qxd4 c6 7.Be3 d5 8.O-O-O Bc5
9.Qd2 Bb4 10.exd5 Nxd5 11.Bc4 Nxc3 12.bxc3 Ba3+ 13.Kb1 O-O 14.Ne5 Qa5 15.Nxd7 Bxd7
16.Qxd7 Qxc3 17.Qd4 Qb4+ 18.Bb3 Qb5 19.Qe5 a5 20.Qxb5 cxb5 21.Rd7 a4 22.Bd5 Rad8
23.Bxf7+ Kh8 24.Rhd1 Rc8 25.Bd4 b4 26.Be6 Rg8 27.Bxg8 Kxg8 28.Rxg7+ Kf8 29.Rxh7 Rc4
30.Bc5+ Ke8 31.Re7+  1-0

[Event "FSGM Sept 2012"]
[Site "Budapest HUN"]
[Date "2012.09.02"]
[Round "2.3"]
[White "Ashwin,J"]
[Black "Johansson,Ja SWE"]
[Result "1-0"]
[WhiteElo "2473"]
[BlackElo "2410"]

1.e4 d6 2.d4 Nf6 3.Nc3 e5 4.Nf3 Nbd7 5.Bc4 Be7 6.O-O O-O 7.a4 c6 8.Re1 b6
9.Ba2 a6 10.h3 Rb8 11.Be3 b5 12.axb5 axb5 13.b4 Bb7 14.Qd3 exd4 15.Nxd4 c5
16.Ndxb5 cxb4 17.Nd5 Nxd5 18.Bxd5 Nc5 19.Qc4 Bxd5 20.exd5 Bf6 21.Rab1 Re8
22.Bf4 Rxe1+ 23.Rxe1 b3 24.cxb3 Nb7 25.Na7 Qa5 26.Qe4 g5 27.Nc6  1-0

[Event "FSFMA Sept 2012"]
[Site "Budapest HUN"]
[Date "2012.09.02"]
[Round "2.3"]
[White "Bohus,Adam"]
[Black "Langer,C1"]
[Result "0-1"]
[WhiteElo "1750"]
[BlackElo "2129"]

1.d4 d6 2.e4 Nf6 3.Nc3 e5 4.Nge2 exd4 5.Nxd4 Be7 6.Bf4 O-O 7.Qd2 Nc6 8.O-O-O Nxd4
9.Qxd4 Be6 10.f3 c6 11.Kb1 b5 12.g4 c5 13.Qd2 b4 14.Nd5 Bxd5 15.exd5 Nd7
16.h4 Nb6 17.h5 Bf6 18.g5 Bd4 19.g6 Na4 20.h6 fxg6 21.hxg7 Bxg7 22.Bh6 Qf6
23.Bxg7 Qxg7 24.Qc1 Rxf3 25.Bh3 Raf8 26.Be6+ Kh8 27.Rdg1 R3f4 28.Bg4 g5 29.Be2 h6
30.Rh5 a5 31.Rgh1 R8f6 32.Bb5 Nb6 33.Qg1 Kg8 34.Qe3 Qf8 35.Qh3 c4 36.a4 Rf3
37.Qg4 Rf1+ 38.Ka2 Rxh1 39.Rxh1 Kg7 40.Qh3 Qe7 41.Qg4 Nxd5 42.Qxc4 Ne3 43.Qc8 Qe6+
44.Qxe6 Rxe6 45.Re1 Re5  0-1

[Event "3rd Oliver Gonzalez Mem Open A"]
[Site "Madrid ESP"]
[Date "2012.09.02"]
[Round "2.21"]
[White "Pablos Tenrero,R"]
[Black "Gomez Ledo,R"]
[Result "0-1"]
[WhiteElo "1965"]
[BlackElo "2431"]

1.e4 d6 2.d4 Nf6 3.Nc3 e5 4.Nf3 Nbd7 5.g4 Nxg4 6.Rg1 Ngf6 7.Bc4 h6 8.Be3 c6
9.Qd3 b5 10.Bb3 Qa5 11.O-O-O Ba6 12.dxe5 dxe5 13.Nb1 c5 14.Bd5 c4 15.Qe2 Rc8
16.c3 Qxa2 17.Nh4 b4 18.f4 Qa1 19.Bd2 Nc5 20.Be1 Nd3+ 21.Rxd3 cxd3 22.Qf3 bxc3  0-1

[Event "134th ch-New York State"]
[Site "Colonie USA"]
[Date "2012.09.03"]
[Round "6"]
[White "Busygin,Stanislav"]
[Black "Ivanov,AV USA"]
[Result "0-1"]
[WhiteElo "2080"]
[BlackElo "2533"]

1.e4 d6 2.d4 Nf6 3.Nc3 Nbd7 4.Nf3 e5 5.Bc4 Be7 6.O-O c6 7.a4 Qc7 8.Bb3 O-O
9.h3 b6 10.Re1 a6 11.Bg5 h6 12.Bh4 Bb7 13.Qd2 b5 14.Bg3 b4 15.Nd1 c5 16.dxe5 Nxe5
17.Nxe5 dxe5 18.f3 c4 19.Ba2 Rfd8 20.Qe2 b3 21.Bb1 Nh5 22.Bf2 Nf4 23.Qe3 Bg5
24.Qb6 Qxb6 25.Bxb6 bxc2 26.Bxc2 Rd2 27.Ne3 Ne2+ 28.Kf1 Ng3+ 29.Kg1 Bxe3+
30.Bxe3 Rxc2 31.Rab1 Bc6 32.a5 Ne2+ 33.Kh1 Nf4 34.Rec1 Rxc1+ 35.Rxc1 Bb5
36.Bxf4 exf4 37.Ra1 Rc8 38.Kh2 c3 39.bxc3 Rxc3  0-1

[Event "40th Olympiad Open"]
[Site "Istanbul TUR"]
[Date "2012.09.03"]
[Round "6.32"]
[White "Hansen,SuB"]
[Black "Haddouche,M"]
[Result "1/2-1/2"]
[WhiteElo "2577"]
[BlackElo "2429"]

1.d4 d6 2.e4 Nf6 3.Nc3 e5 4.Nf3 Nbd7 5.Bc4 Be7 6.a4 O-O 7.O-O c6 8.a5 Rb8
9.Qe2 b5 10.axb6 axb6 11.d5 Bb7 12.Ra7 cxd5 13.exd5 Qc8 14.Bd2 Ra8 15.Rfa1 Rxa7
16.Rxa7 Qb8 17.Ra1 b5 18.Bxb5 Nb6 19.Bc6 Nbxd5 20.Nxd5 Nxd5 21.Bxb7 Qxb7
22.b3 Nc7 23.h3 Ne6 24.Be3 Bf6 25.Ra7 Qe4 26.Ra4 Qb7 27.Ra7 Qe4 28.Ra4 Qb7
29.Ra7  1/2-1/2

[Event "40th Olympiad Women"]
[Site "Istanbul TUR"]
[Date "2012.09.03"]
[Round "6.27"]
[White "Real Pereyra,D"]
[Black "Dimitrijevic,A"]
[Result "1/2-1/2"]
[WhiteElo "2075"]
[BlackElo "2280"]

1.e4 d6 2.d4 Nf6 3.Nc3 Nbd7 4.f4 e5 5.Nf3 Be7 6.Bc4 O-O 7.fxe5 dxe5 8.dxe5 Ng4
9.e6 Nde5 10.Qxd8 Bxd8 11.exf7+ Kh8 12.Bb3 Nxf3+ 13.gxf3 Ne5 14.Ke2 Nxf7
15.Bxf7 Rxf7 16.h4 c6 17.b3 b5 18.Bb2 a5 19.Nd1 a4 20.Ne3 axb3 21.axb3 Rxa1
22.Bxa1 h5 23.Be5 Kh7 24.Bd6 Rd7 25.e5 Rf7 26.Ng2 Bf5 27.Ne3 Be6 28.Ng2 Bf5
29.Ne3 Be6 30.Bb8 Rb7 31.Bd6  1/2-1/2

[Event "40th Olympiad Women"]
[Site "Istanbul TUR"]
[Date "2012.09.03"]
[Round "6.2"]
[White "Zawadzka,J"]
[Black "Stojanovic,Andj"]
[Result "1/2-1/2"]
[WhiteElo "2377"]
[BlackElo "2277"]

1.e4 d6 2.d4 Nf6 3.Nc3 e5 4.Nf3 Nbd7 5.Bc4 Be7 6.O-O Nb6 7.Be2 exd4 8.Qxd4 O-O
9.a4 a5 10.h3 Nfd7 11.Be3 Bf6 12.Qd2 Re8 13.Bd3 c6 14.Rad1 Ne5 15.Nxe5 dxe5
16.b3 Be6 17.Ne2 Be7 18.Ng3 Nd7 19.Qc3 Bb4 20.Qb2 Qe7 21.f4 Bc5 22.Bxc5 Qxc5+
23.Kh1 exf4 24.Rxf4 Qe5 25.Qxe5 Nxe5 26.Be2 Rad8 27.Rff1 g6 28.Kg1 h5 29.Rxd8 Rxd8
30.Rd1 Re8 31.h4 Kg7 32.Kf2 Bg4 33.Bxg4 Nxg4+ 34.Kf3 Kf6 35.Kf4 Ke6 36.Ne2 Ne5
37.Nd4+ Kf6 38.Nf3 Ng4 39.Rd7 b5 40.Rc7 bxa4 41.bxa4 Kg7 42.Rxc6 Rb8 43.Rc7 Rb4
44.Ng5 Nh6 45.c4 Rxa4 46.e5 Kf8 47.e6 fxe6 48.Nxe6+ Ke8 49.Ke5 Ra2 50.Nf4 Rf2
51.Ra7 Nf7+ 52.Ke4 Nd6+ 53.Ke3 Rc2 54.Rxa5 Nxc4+ 55.Kd3 Nxa5 56.Kxc2 Kf7
57.Kd3  1/2-1/2

[Event "40th Olympiad Women"]
[Site "Istanbul TUR"]
[Date "2012.09.03"]
[Round "6.8"]
[White "Blagojevic,Tijana"]
[Black "Narva,T"]
[Result "1-0"]
[WhiteElo "2004"]
[BlackElo "2028"]

1.e4 d6 2.d4 Nf6 3.Nc3 e5 4.Nf3 Nbd7 5.Bc4 Be7 6.O-O O-O 7.Re1 c6 8.a4 b6
9.d5 c5 10.Bd3 a6 11.Nd2 Ne8 12.g3 g6 13.f4 f5 14.Nc4 exf4 15.Bxf4 fxe4 16.Nxe4 Ndf6
17.Nxf6+ Bxf6 18.c3 Ra7 19.Qb3 Rb7 20.Rxe8 Rxe8 21.Nxd6 g5 22.Nxe8 gxf4 23.Nxf6+ Qxf6
24.d6+ Kh8 25.Re1 fxg3 26.hxg3 Qxd6 27.Re8+ Kg7 28.Qg8+ Kh6 29.Rxc8 Rg7 30.Qf8 Qxf8
31.Rxf8 Rxg3+ 32.Kf1 Rxd3 33.Rf6+ Kg7 34.Rxb6 Rf3+ 35.Kg2 Rf6 36.a5 h6 37.Rxf6 Kxf6
38.b4 Ke5 39.b5 axb5 40.a6 b4 41.cxb4 cxb4 42.a7  1-0

[Event "40th Olympiad Open"]
[Site "Istanbul TUR"]
[Date "2012.09.03"]
[Round "6.31"]
[White "Shukuraliev,A"]
[Black "Galego,L"]
[Result "1/2-1/2"]
[WhiteElo "2360"]
[BlackElo "2495"]

1.e4 d6 2.d4 Nf6 3.Nc3 c6 4.f4 Qa5 5.Bd3 e5 6.Nf3 Bg4 7.dxe5 dxe5 8.h3 Bxf3
9.Qxf3 exf4 10.Bxf4 Nbd7 11.e5 Nxe5 12.Qe2 Bd6 13.O-O-O O-O 14.Bxh7+ Nxh7
15.Rxd6 Ng6 16.Rf1 Rad8 17.Qc4 Nxf4 18.Rxd8 Rxd8 19.Rxf4 Nf6 20.Rf2 Re8 21.Qf1 Nd5
22.Re2 Rxe2 23.Qxe2 Nxc3 24.bxc3 Qxa2 25.Qe8+ Kh7 26.Qe7 Qd5 27.Qxb7 Qxg2
28.Qxf7 Qxh3 29.Kb2 a5 30.Qc7 Qf3 31.Qxa5 Kh6 32.Qe5 g5 33.Qh8+ Kg6 34.Qe8+ Kf5
35.Qf7+ Kg4 36.Qe6+ Kh5 37.Qe5 Kh4 38.Qh8+ Kg4 39.Qe5 Qd5 40.Qe2+ Kf4 41.Qh2+ Kf5
42.Qf2+ Kg6 43.Qg3 Qd7 44.c4 Qd4+ 45.Kb3 g4 46.c3 Qe4 47.Kb4 Kf5 48.Qd6 Qe6
49.Qg3 Qe7+ 50.Kb3 Qe5 51.Qf2+ Kg5 52.Qd2+ Kh5 53.Qg2 Qd6 54.Qe2 Kg5 55.Qe3+ Kf5
56.Qf2+ Kg6 57.Qc2+ Kg5 58.Qc1+ Qf4 59.Qg1 Qf3 60.Qc5+ Kh4 61.Qe7+ Kh3 62.Qd7 Qe4
63.Kb4 Kh2 64.Qd2+ Kh1 65.Qd1+ Kg2 66.Qd2+ Kf3 67.Qd1+ Qe2 68.Qh1+ Kf2 69.Qh2+ Ke3
70.Qh6+ Kf2 71.Qh2+ Ke1 72.Qh1+ Kd2 73.Qxc6 Qf3 74.Qd6+ Kc2 75.Qh2+ Kd1 76.Qg1+ Ke2
77.c5 Qb7+ 78.Ka5 Qa7+ 79.Kb5 Qb7+ 80.Ka5  1/2-1/2

[Event "40th Olympiad Women"]
[Site "Istanbul TUR"]
[Date "2012.09.03"]
[Round "6.11"]
[White "Schut,L"]
[Black "Dauletova,G"]
[Result "1-0"]
[WhiteElo "2305"]
[BlackElo "2267"]

1.e4 d6 2.d4 Nf6 3.Nc3 e5 4.Nf3 exd4 5.Nxd4 Be7 6.g3 O-O 7.Bg2 c6 8.O-O Re8
9.Bf4 Bf8 10.Qd2 Nbd7 11.h3 Ne5 12.b3 Bd7 13.g4 h5 14.g5 Nh7 15.Be3 Ng6 16.f4 Nh4
17.Rad1 d5 18.exd5 Qc8 19.f5 Nxg2 20.Kxg2 Bb4 21.Qd3 Bxc3 22.Qxc3 cxd5 23.Qxc8 Raxc8
24.Rf3 Re4 25.Kf2 Nf8 26.Rd2 a6 27.Ne2 Bc6 28.Nc3 Ree8 29.Bd4 b5 30.Ne2 Nd7
31.Nf4 h4 32.Ng2 Re4 33.Rf4 Bb7 34.Rxh4 Rxh4 35.Nxh4 Nc5 36.Bxc5 Rxc5 37.Nf3 Kf8
38.Nd4 Ke7 39.Re2+ Kd7 40.f6 gxf6 41.gxf6 Bc8 42.Re7+ Kd6 43.Rxf7 Ke5 44.Re7+ Kxf6
45.Re3 b4 46.h4 Bg4 47.Rg3 Bd1 48.Rg1 Bh5 49.Ke3 Rc3+ 50.Kf4 Rh3 51.Rf1 Kg6
52.Ke5 Rxh4 53.Kxd5 Rh2 54.Ke5 Be2 55.Rf6+ Kg5 56.Rb6 Bd1 57.Rxb4 Rg2 58.Rc4 a5
59.Rc5 Kg6 60.Rc6+ Kf7 61.a4 Ke7 62.Nf5+ Ke8 63.Ne3 Re2 64.Kd4 Kd7 65.Rc5 Kd6
66.Rxa5 Bxc2 67.Rd5+ Ke6 68.Re5+ Kd7 69.Nxc2 Rxc2 70.Rc5 Rb2 71.Kc4 Kd6 72.b4 Ra2
73.Kb5 Ra1 74.a5 Ra2 75.a6 Ra3 76.Rc1 Ra2 77.Kb6 Ra4 78.b5 Rh4 79.a7  1-0

[Event "40th Olympiad Women"]
[Site "Istanbul TUR"]
[Date "2012.09.03"]
[Round "6.21"]
[White "Romero Echeverria,A"]
[Black "Barbier,Wie"]
[Result "1-0"]
[WhiteElo "2109"]
[BlackElo "1952"]

1.e4 d6 2.d4 Nf6 3.Nc3 e5 4.Nf3 Nbd7 5.Bc4 Be7 6.O-O O-O 7.a4 a5 8.Re1 c6
9.h3 exd4 10.Nxd4 Nb6 11.Bd3 Re8 12.Qf3 Nfd7 13.Bf4 Bf6 14.Nf5 Ne5 15.Bxe5 Bxe5
16.Nd1 Qf6 17.Kf1 Be6 18.c3 Bb3 19.Qe3 Nxa4 20.f4 g6 21.fxe5 dxe5 22.Nf2 gxf5
23.exf5 Nxb2 24.Ng4 Qd6 25.Be4 f6 26.Rab1 Bc4+ 27.Kg1 Na4 28.Rxb7 Rab8 29.Rd7 Qf8
30.Bxc6 Nxc3 31.Kh1 Rbc8 32.Bb7 Bb5 33.Bxc8 Rxc8 34.Ra7 Nd5 35.Qg3 Kh8 36.Nxe5 Rc3
37.Qh4 Ne7 38.Ng6+ Nxg6 39.Qxh7+  1-0

[Event "40th Olympiad Women"]
[Site "Istanbul TUR"]
[Date "2012.09.03"]
[Round "6.38"]
[White "Patel,Y"]
[Black "Nasriddinzoda,M"]
[Result "1-0"]
[WhiteElo "1845"]
[BlackElo "2023"]

1.e4 d6 2.d4 Nf6 3.Nc3 e5 4.Nge2 Nbd7 5.g3 Be7 6.Bg2 c6 7.a4 Qc7 8.O-O O-O
9.h3 b6 10.Be3 a6 11.g4 Rb8 12.Ng3 b5 13.Nf5 Nb6 14.Nxe7+ Qxe7 15.b3 b4 16.Ne2 a5
17.Ng3 c5 18.dxc5 dxc5 19.g5 Ne8 20.f4 Ba6 21.Nf5 Qc7 22.Rf2 Rd8 23.Rd2 Rxd2
24.Qxd2 f6 25.Qf2 Nd7 26.Ne7+ Kh8 27.Qh4 fxg5 28.fxg5 Qd6 29.Nf5 Qe6 30.Rd1 g6
31.Qh6 Rf7 32.Bf3 Nf8 33.Nh4 Qe7 34.Rd5 Kg8 35.Bxc5 Qe6 36.Bg4 Rf1+ 37.Kg2 Qf7
38.Nf3 Ng7 39.Rd8 Ne8 40.Bxf8 Rxf3 41.Bxf3 Qxf8 42.Qxf8+  1-0

[Event "3rd Oliver Gonzalez Mem Open A"]
[Site "Madrid ESP"]
[Date "2012.09.03"]
[Round "3.40"]
[White "Lopez Moll,J"]
[Black "Blanco Sanchez,J"]
[Result "1/2-1/2"]
[WhiteElo "1991"]
[BlackElo "2107"]

1.e4 d6 2.d4 Nf6 3.Nc3 e5 4.dxe5 dxe5 5.Qxd8+ Kxd8 6.Bg5 c6 7.Bc4 Ke8 8.Bb3 Bb4
9.f3 Nbd7 10.Ne2 Nc5 11.O-O a5 12.Be3 Nfd7 13.Bc4 b5 14.Bxb5 cxb5 15.Nxb5 Ne6
16.a3 Bc5 17.Bxc5 Ndxc5 18.b4 Nb7 19.Nec3 Bd7 20.Rfd1 f6 21.bxa5 Bxb5 22.Nxb5 Rxa5
23.Rab1 Ke7 24.Nc3 Nbc5 25.Nd5+ Kf7 26.Ne3 Rxa3 27.Kf2 Rd8 28.Ra1 Rxa1 29.Rxa1 Rd7
30.Nd5 Nc7 31.c4 Nxd5 32.exd5 Nb3 33.Rb1 Nd4 34.Ke3 Ke7 35.Rb6 g6 36.f4 Nf5+
37.Ke4 Nd6+ 38.Kd3 e4+ 39.Kd4 e3 40.c5 Nf5+ 41.Ke4 e2 42.Rb1 h5 43.Re1 Kd8
44.Rxe2 Re7+ 45.Kd3 Rxe2 46.Kxe2 Ne7 47.d6 Nc6 48.Kd3 Kd7 49.Kc4 h4 50.g3 Na5+
51.Kd5 hxg3 52.hxg3 Nc6 53.Kc4 Ke6 54.Kb5 Kd7 55.Kc4 Na5+ 56.Kd5 f5 57.Ke5 Nc4+
58.Kf6 Ne3 59.Kxg6 Ke6 60.Kg5 Nf1 61.g4 fxg4 62.Kxg4 Nd2 63.f5+ Kd7 64.f6 Ke6
65.c6 Ne4 66.c7 Nxd6 67.Kg5 Kd7 68.Kg6 Kxc7 69.f7 Nxf7 70.Kxf7  1/2-1/2

[Event "14th Trieste Open A"]
[Site "Trieste ITA"]
[Date "2012.09.03"]
[Round "4"]
[White "Ceschia,I"]
[Black "Drazic,S"]
[Result "1/2-1/2"]
[WhiteElo "2291"]
[BlackElo "2511"]

1.e4 d6 2.d4 Nf6 3.Nc3 e5 4.Nf3 Nbd7 5.Bc4 Be7 6.O-O O-O 7.h3 Nb6 8.Bb3 Nfd7
9.dxe5 dxe5 10.Qe2 c6 11.Rd1 Qc7 12.Ng5 Nc5 13.Qh5 Bxg5 14.Bxg5 Be6 15.Be3 Nbd7
16.Rd2 Nxb3 17.axb3 f6 18.Rad1 Rf7 19.b4 Nf8 20.Ra1 b6 21.Qd1 Rc8 22.Ra3 Qb8
23.b5 Bd7 24.bxc6 Bxc6 25.Nd5 Bxd5 26.Rxd5 Rfc7 27.Rd2 Qb7 28.f3 Qc6 29.Rad3 Qb5
30.c3 h5 31.Rd5 Qe8 32.Rd8 Rxd8 33.Rxd8 Rd7 34.Qb3+ Qf7 35.Qxf7+ Kxf7 36.Ra8 h4
37.Kf2 Ne6 38.g3 hxg3+ 39.Kxg3 Nd8 40.f4 exf4+ 41.Bxf4 Nc6 42.Rc8 Ne7 43.Ra8 Ke6
44.h4 Nc6 45.Rc8 Na5 46.b4 Nb3 47.Rc6+ Kf7 48.e5 fxe5 49.Bxe5 Rb7 50.h5 a5
51.Rg6  1/2-1/2

[Event "FSGM Sept 2012"]
[Site "Budapest HUN"]
[Date "2012.09.04"]
[Round "4.4"]
[White "Todorovic,GM"]
[Black "Johansson,Ja SWE"]
[Result "1/2-1/2"]
[WhiteElo "2502"]
[BlackElo "2410"]

1.e4 d6 2.d4 Nf6 3.Nc3 e5 4.Nf3 Nbd7 5.Bc4 Be7 6.O-O O-O 7.Re1 c6 8.a4 b6
9.h3 a6 10.Ba2 Bb7 11.dxe5 Nxe5 12.Nd4 b5 13.Nf5 b4 14.Nb1 Re8 15.Bg5 Bf8
16.Nd2 Bc8 17.Ne3 h6 18.Bf4 Ng6 19.Bg3 Ra7 20.Qf3 Ne5 21.Bxe5 Rxe5 22.Rad1 Re8
23.Nf5 Bxf5 24.Qxf5 Rae7 25.Nf3 Qc7 26.e5 dxe5 27.Nh4 Rd7 28.Rxd7 Qxd7 29.Qxd7 Nxd7
30.Nf5 g6 31.Nd6 Bxd6 32.Rd1 Bc5 33.Rxd7 Re7 34.Rd8+ Kg7 35.Bc4 a5 36.Rc8 Bd4
37.Rxc6 e4 38.c3 bxc3 39.bxc3 Bxc3 40.Bxf7 Bf6 41.Bc4  1/2-1/2

[Event "FSFMA Sept 2012"]
[Site "Budapest HUN"]
[Date "2012.09.04"]
[Round "4.2"]
[White "Bohus,Adam"]
[Black "Hilbenz,G"]
[Result "1-0"]
[WhiteElo "1750"]
[BlackElo "1924"]

1.d4 d6 2.e4 Nf6 3.Nc3 e5 4.Nge2 exd4 5.Nxd4 Be7 6.Bf4 O-O 7.Qd2 Nc6 8.O-O-O Nxd4
9.Qxd4 Be6 10.f3 a6 11.g4 Nd7 12.Qe3 Bf6 13.g5 Be5 14.h4 c6 15.Bh2 Qa5 16.Bxe5 dxe5
17.Bh3 Nc5 18.Bxe6 Nxe6 19.h5 Nf4 20.Kb1 Rad8 21.Rdg1 Rd6 22.Ne2 Nxe2 23.Qxe2 Rfd8
24.g6 fxg6 25.hxg6 Rxg6 26.Rxg6 hxg6 27.Qc4+ Kf8 28.Qe6  1-0

[Event "FSFMA Sept 2012"]
[Site "Budapest HUN"]
[Date "2012.09.04"]
[Round "4.4"]
[White "Maehrlein,C"]
[Black "Langer,C1"]
[Result "1-0"]
[WhiteElo "2127"]
[BlackElo "2129"]

1.d4 d6 2.e4 Nf6 3.Nc3 e5 4.Nf3 exd4 5.Nxd4 Be7 6.g3 Nc6 7.Bg2 O-O 8.O-O Nxd4
9.Qxd4 c6 10.h3 Qb6 11.Qd3 Be6 12.Be3 Qc7 13.a4 a5 14.f4 Rad8 15.Qe2 d5 16.Qf2 c5
17.f5 d4 18.Bf4 Qc8 19.Ne2 Bc4 20.b3 Bxe2 21.Qxe2 Ne8 22.g4 f6 23.e5 fxe5
24.Bxe5 Bf6 25.Rae1 Qd7 26.Qc4+ Kh8 27.Qxc5 Be7 28.Bxg7+  1-0